000 01765nam a2200301Ia 4500
999 _c47230
_d47230
001 14090
003 GE_BSU
005 20241107121002.0
008 181216s2014||||ge |||||||||||||| ||geo||
020 _a9789941940408
040 _cGE_BSU
041 _ageo
080 _a069(042.4) მ-58
100 _aმესხია, ერმილე
_91724
245 _aმუზეოლოგია :
_bლექციების კურსი /
_cერმილე მესხია ; რედ. : მაია ჭიჭილეიშვილი ; ბათუმის ხელოვნების სახელმწ. სასწ. უნ-ტი.
264 _aთბილისი :
_bუნივერსალი,
_c2014.
300 _a569 გვ. ;
_bილ. ;
_c21 სმ.
500 _aგარეკანზე ავტორი აღნიშნული არ არის
500 _aწიგნის გარეკანზე : საქ. თეატრის, მუსიკის, კინოსა და ქორეოგრაფიის სახელმწ. მუზეუმის სიმბოლიკა
500 _a ბოლო გარეკანზე : ლომის ფიგურა, ძვ. წ.აღ. XXII ს. (წნორის განძი)
501 _a
504 _aბიბლიოგრ. : გვ. 567-569
653 _aმუზეოლოგია
653 _aლექციების კურსი
700 _aჭიჭილეიშვილი, მ. (მაია)
_eრედაქტორი
_923640
710 _aბათუმის ხელოვნების სახელმწ. სასწ. უნ-ტი
_923641
942 _cBK
_2udc